000 00725nam a2200205Ia 4500
003 GCL
008 140319s9999 xx 000 0 ara d
040 _aGCL /
_cGCL
082 0 4 _a001.6404
_bغ د
100 1 _aغوكين، دان
245 1 0 _aدليل حل مشاكل الحاسوب الشخصى: ارشادات و نصائح لتعزيز اداء الحاسوب /
_cغوكين، دان
700 1 _aمركزالتعريب والترجمة
260 _a[S.N] :
_bالدار العربية للعلوم ،
_c1992
300 _a234 ص
490 _a
650 0 4 _aالحاسبات الالكترونية
650 0 4 _aدوس
650 0 4 _aفيروسات الحاسبات الالكترونية
942 _2ddc
_cBK
999 _c44028
_d44028